Skylines erkennen - Statistiken

Allgemein
  • Dieses Quiz wurde 54 mal gespielt
  • Das Durchschnittsergebnis liegt bei 12 aus 30
Antwortstatistiken
Bildquiz Antwort % Korrekt
New York City
98%
Paris
85%
Dubai
80%
Las Vegas
78%
Sydney
78%
Tokio
75%
Rio de Janeiro
65%
Shanghai
65%
Kuala Lumpur
55%
Seattle
55%
London
53%
Singapur
48%
Toronto
45%
Taipeh
35%
Frankfurt am Main
33%
Riad
30%
Hongkong
28%
San Francisco
28%
Chicago
23%
Seoul
23%
Los Angeles
18%
Doha
10%
Moskau
10%
Santiago de Chile
10%
Auckland
8%
Boston
8%
Johannesburg
5%
Shenzhen
5%
Bangkok
3%
Peking
3%
Keine übereinstimmenden Quizze gefunden
Verteilung der Resultate
Anzahl Personen mit jedem Resultat
Perzentil nach korrekt beantworteten Fragen
Ihre Resultats-Entwicklung
Sie haben dieses Quiz noch nicht gespielt